History Quiz

Random History Quiz

Rome - Bacon Plan Quiz Stats

 Plays Quiz not verified by Sporcle

Score 0/100 Timer 20:00
0 Plays Today
Number on Map Structure / Building % Correct
32Pantheon
51.5%
75Colosseum
51.1%
83Circus Maximus
50.8%
3Tiber River
50.4%
4Tiber Island
50.4%
22Baths of Nero
49.6%
47Forum of Augustus
48.1%
44Forum of Trajan
46.9%
38Sundial
46.2%
48Basilica Ulpia
45.4%
46Forum of Caesar
45%
49Trajan's Column
45%
8Circus Flaminius
44.7%
53Temple of Mars Ultor
44.7%
14Temple of Jupiter
44.3%
50Library
44.3%
24Temple of Venus
43.1%
51Temple of Trajan
43.1%
77Baths of Trajan
43.1%
23Odeon
42.7%
20Stadium of Domitian
41.6%
25Theatre of Pompey
41.6%
59Basilica Julia
41.2%
26Portico of Pompey
40.8%
39Egyptian Obelisk
40.8%
78Baths of Titus
40.8%
41Ara Pacis
40.5%
52Equestrian Statue
40.5%
19Tabularium
40.1%
55Forum of Nerva
39.7%
45Forum of Vespasian
39.3%
13Capitolium
38.9%
60Basilica Aemilia
38.9%
96Capitoline Hill
38.9%
Number on Map Structure / Building % Correct
33Baths of Agrippa
38.5%
54Temple of Minerva
38.5%
43Baths of Constantine
38.2%
62Curia
37.4%
98Aventine Hill
37.4%
100Campus Martius
37.4%
71Temple of Venus and Rome
37%
97Palatine Hill
37%
16Temple of Saturn
36.3%
27Crypt of Balbus
35.5%
73Arch of Constantine
35.5%
11Temple of Apollo
35.1%
28Theatre of Balbus
35.1%
9Portico of Octavia
34.7%
40Column of Marcus Aurelius
34.7%
72Colossus of Nero
34.4%
57Subura
33.6%
17Temple of Vespasian
33.2%
37Temple of Hadrian
32.8%
90Temple of Neptune
32.8%
31Saepta Julia
32.4%
42Temple of Serapis
32.1%
56Altar of Peace
31.7%
12Temple of Bellona
31.3%
18Temple of Concord
30.9%
58Temple of Venus Genetrix
29.8%
79Ludus Magnus
29.8%
86Temple of Apollo
29.8%
99Caelian Hill
29.8%
81Domus Tiberiana
29%
95Quirinal Hill
29%
34Temple of the Nymphs
28.6%
66Temple of Vesta
28.6%
74Temple of Divine Claudius
28.6%
Number on Map Structure / Building % Correct
67Temple of Romulus
28.2%
92Esquiline Hill
28.2%
1Cestius Bridge
27.9%
21Stagnum Agrippae
27.9%
35Temple of the Divines
27.5%
63Temple of Castor and Pollux
27.5%
64Rostra
27.5%
36Temple of Matidia
27.1%
10Portico of Philippus
26%
6Aemilius Bridge
25.2%
65Regia
25.2%
68Basilica of Maxentius
25.2%
94Viminal Hill
25.2%
70House of the Vestals
24.8%
82Domus Augustae
24.4%
5Temple of Asclepius
24%
15Temple of Juno Moneta
24%
76Meta Sudans
23.7%
93Theatre of Marcellus
23.6%
30Diribitorium
23.3%
91Septizodium of Severus
22.9%
61Temple of Antoninus
21.8%
87Severan Baths
21.8%
29Portico of Minutius
21.4%
2Fabricius Bridge
21%
7Probi Bridge
20.6%
69Margaritaria Portico
20.2%
80Temple of Elagabalus
18.7%
84Temple of Cybele
16.8%
89Hecatostylum
16.4%
88Temple of Vulcain
12.6%
85Temple of Jupiter Stator
9.9%

You're not logged in!

Compare scores with friends on all Sporcle quizzes.
Join for Free
OR
Log In

You Might Also Like...

Show Comments

Extras

Top Quizzes Today


Score Distribution

Your Account Isn't Verified!

In order to create a playlist on Sporcle, you need to verify the email address you used during registration. Go to your Sporcle Settings to finish the process.

Report this User

Report this user for behavior that violates our Community Guidelines.

Details: